000
00298nam a22001457a 4500
003
SGT
020
_a
9780071212496
082
_a
617.51
_b
E99L
100
_a
LEE, K.J.
245
_a
ESSENTIAL OTOLARYNGOLOGY
250
_a
8TH
260
_b
MC-GROW HILL
_c
1999
300
_a
1136
942
_2
ddc
_c
BK
999
_c
17898
_d
17898